000 00842aam a2200289 i 4500
001 768714001
003 CO-MdFUSB
005 20251022094738.0
007 ta
008 251022t1946 -us |||| |||| 00| 0 spa d
040 _cCO-MdFUSB
041 0 _aspa
082 0 4 _223
_a252
_bP3171s
100 1 _aPatterson, Frank W.
_eautor
245 1 0 _aSermones selectos de diez evangelistas famosos
_c/ F. W. Patterson ; traducido por Carlos Ramírez L.
264 1 _bCasa Bautista de Publicaciones,
_aEl Paso, TX., USA :
_c[1946]
264 4 _c©1946
300 _a130 páginas
336 _atexto
_btxt
_2rdacontent
337 _2rdamedia
_asin mediación
_bn
338 _2rdacarrier
_avolumen
_bnc
563 _aRústico
650 7 _aSermones
_9283
700 _aRamírez L., Carlos,
_912006
_etraductor
942 _cBK
945 _aJTF-925
999 _c36509
_d36509